Southville International School and Colleges
Your cart is empty.
  • Cart
  • Lists
    Public lists Eva Luna New books Lux_list list_1
    Your lists Log in to create your own lists
  • Log in to your account
  • Your cookies
  • Search history
Southville International School and Colleges
  • Advanced search
  • Recent comments
  • Most popular
  • Libraries

Log in to your account

Log in with GOOGLE


If you do not have an external account, but do have a local account, you can still log in:

  1. Home
  2. MARC view: Tomorrow the dark
Normal view MARC view ISBD view

Tomorrow the dark (Record no. 115536)

[ view plain ]
MARC details
000 -LEADER
fixed length control field 00589nam a22001937a 4500
003 - CONTROL NUMBER IDENTIFIER
control field LC
005 - DATE AND TIME OF LATEST TRANSACTION
control field 20170227145041.0
008 - FIXED-LENGTH DATA ELEMENTS--GENERAL INFORMATION
fixed length control field 140428b xxu||||| |||| 00| 0 eng d
020 ## - INTERNATIONAL STANDARD BOOK NUMBER
International Standard Book Number 9780734404176
050 ## - LIBRARY OF CONGRESS CALL NUMBER
Classification number PZ 7
Item number .C367 2002
100 ## - MAIN ENTRY--PERSONAL NAME
Personal name Catran, Ken
245 ## - TITLE STATEMENT
Title Tomorrow the dark
Statement of responsibility, etc Ken Catran ; cover design and illustration by Steven Woolman ; text design by John van Loon.
260 ## - PUBLICATION, DISTRIBUTION, ETC. (IMPRINT)
Place of publication, distribution, etc South Melbourne, Victoria :
Name of publisher, distributor, etc Lothian,
Date of publication, distribution, etc 2002.
300 ## - PHYSICAL DESCRIPTION
Extent 224 p. :
Dimensions 20 cm.
650 ## - SUBJECT ADDED ENTRY--TOPICAL TERM
Topical term or geographic name as entry element Heroes
Form subdivision Juvenile Fiction
650 ## - SUBJECT ADDED ENTRY--TOPICAL TERM
Topical term or geographic name as entry element Adventure stories
942 ## - ADDED ENTRY ELEMENTS (KOHA)
Source of classification or shelving scheme Library of Congress Classification
Koha item type Books
Holdings
Withdrawn status Lost status Source of classification or shelving scheme Damaged status Home library Current library Shelving location Date acquired Sub Shelving location Total Checkouts Full call number Barcode Date last seen Date checked out Copy number Price effective from Koha item type
    Library of Congress Classification   Luxembourg Library Luxembourg Library Fiction Section 04/28/2014   1 PZ 7 .C367 2002 17900 02/18/2020 02/14/2020 1 04/28/2014 Books
    Library of Congress Classification   Luxembourg Library Luxembourg Library Fiction Section 04/29/2014   3 PZ 7 .C367 2002 17913 08/28/2018 08/24/2018 w 04/29/2014 Books

Tomorrow the dark

APA

Catran K., . (2002). Tomorrow the dark. South Melbourne, Victoria: Lothian.

Chicago

Catran Ken, . 2002. Tomorrow the dark. South Melbourne, Victoria: Lothian.

Harvard

Catran K., . (2002). Tomorrow the dark. South Melbourne, Victoria: Lothian.

MLA

Catran Ken, . Tomorrow the dark. South Melbourne, Victoria: Lothian. 2002.

  • Place hold
  • Print
  • Cite
  • Add to your cart (remove)
  • Save record
    BIBTEX Dublin Core MARCXML MARC (non-Unicode/MARC-8) MARC (Unicode/UTF-8) MARC (Unicode/UTF-8, Standard) MODS (XML) RIS
  • More searches
    Search for this title in:
    Other Libraries (WorldCat) Other Databases (Google Scholar) Online Stores (Bookfinder.com) Open Library (openlibrary.org)

Exporting to Dublin Core...

SOUTHVILLE LIBRARY

Southville International School and Colleges Library

1281 Tropical Ave. Cor. Luxembourg St., BF Homes International, Las Pinas City

Tel. No. 8256374 / 252358 Loc. 117/146

Powered by Koha